LEADER 01111nam a2200253 i 4500 001 000000148473 003 CaOOAMICUS 005 20100119000000.0 008 100119s1944 it u000 u ita u 013 $a125788 040 $aSeMil$bita 100 1 $aGrandmaison, Léonce : de,$c.$0(OLS)http://semarc/name/5518 240 10$aJésus-Christ, sa personne, son message, ses preuves.$0(OLS)http://semarc/title/217027 245 10$aGesù Cristo :$bla sua persona, il suo messaggio, le prove /$cP. Leonzio de Grandmaison ; versione di Antonio Boni. 250 $a3. Ed. 260 $aBrescia :$bLa Scuola,$c1944. 300 $a484 p. ;$c22 cm. 600 04$aGesù Cristo.$0(OLS)http://semarc/subject/712 700 1 $aBoni, Antonio.$0(OLS)http://semarc/name/7549 850 $aSeMil 852 $aSeMil$W1$xVenegono$y1$m2X I 109$j100853$B100853$CSeMilBibl$Z2$F111319 $81 961 $aLascito: Bonalumi don Gildo 996 $6245$aGesù Cristo :$bla sua persona, il suo messaggio, le prove$9(OLS)http://semarc/title/217026 996 $6260$aBrescia :$bLa Scuola$9(OLS)http://semarc/publisher/29831 LEADER 01247nam a2200253 i 4500 001 000000087313 003 CaOOAMICUS 005 20170314000000.0 008 170314s1999 xx u000 u eng u 013 $a59553 020 $a0-919261-44-2 040 $aSeMil$bita 100 1 $aWoestman, William H. .$0(OLS)http://semarc/name/57792 245 14$aThe sacrament of orders and the clerical state :$ba commentary on the Code of canon law /$cWilliam H. Woestman. 260 $aOttawa :$bFaculty of canon law Saint Paul University,$c1999. 300 $a402 p. ;$c24 cm. 650 4$aDiritto canonico - Commentari, studi, critica e interpretazioni.$0(OLS)http://semarc/subject/1518 650 4$aOrdine (Sacramento) - Diritto canonico.$0(OLS)http://semarc/subject/10971 850 $aSeMil 852 $aSeMil$W1$xVenegono$y1$m2H V 13$j50841$B50841$CSeMilBibl$Z2$F54912 $81 961 $aLascito: Coronelli don Renato 996 $6020$a0-919261-44-2$9(OLS)http://semarc/number/271901 996 $6245$aThe sacrament of orders and the clerical state :$ba commentary on the Code of canon law$9(OLS)http://semarc/title/405928 996 $6260$aOttawa :$bFaculty of canon law Saint Paul University$9(OLS)http://semarc/publisher/56793